Marvel Superhero and Villain Teams - Statistics

General Stats
  • This quiz has been taken 131 times
    97 since last reset
  • The average score is 16 of 37
Answer Stats
Team Members Team Name % Correct
Iron Man, Hulk, Thor, Wasp, Antman The Avengers
100%
Professor X, Jean Grey, Cyclops, Angel, Beast, Iceman X-Men
97%
Invisible Woman, Mr Fantastic, Thing, Human Torch Fantastic Four
86%
Yondu, Vance Astro, Martinex, Charlie-27 Guardians of the Galaxy
77%
Wiccan, Hulkling, Iron Lad, Patriot The Young Avengers
74%
Mr Fantastic, Professor X, Doctor Strange, Black Bolt, Namor, Iron Man Illuminati
73%
Blackbolt, Medusa, Karnak, Gorgon, Triton, Crystal, Lockjaw Inhumans
71%
Doctor Octopus, Electro, Kraven, Mysterio, Sandman, Vulture Sinister Six
68%
Cable, Boom-Boom, Shatterstar, Warpath, Cannonball, Feral, Domino X-Force
64%
Doctor Strange, Hulk, Namor, Silver Surfer The Defenders
63%
Cannonball, Karma, Moonstar, Wolfsbane, Sunspot New Mutants
56%
Hawkeye, Mockingbird, War Machine, Wonder Man, Tigra West Coast Avengers
55%
Citizen V (Zemo), Meteorite (Moonstone), Techno (Fixer), Atlas (Goliath), Songbird (Screaming Mimi), Mach I (Beetle) The Thunderbolts
52%
Iron Patriot (Green Goblin), Captain Marvel (Noh-Varr), Sentry, Ms Marvel (Moonstone), Ares, Wolverine (Daken), Hawkeye (Bullseye), Spiderman (Venom) Dark Avengers
49%
Fandral, Hogun, Volstagg Warriors Three
48%
Magneto, Scarlet Witch, Quicksilver, Toad, Mastermind Brotherhood of Evil Mutants
45%
Bulldozer, Wrecker, Piledriver, Thunderball Wrecking Crew
40%
Guardian, Aurora, Northstar, Sasquatch, Shaman, Snowbird Alpha Flight
38%
Thanos, Ebony Maw, Corvus Glaive, Proxima Midnight, Black Dwarf, Supergiant Black Order
38%
Gertrude Yorkes, Chase Stein, Alex Wilder, Nico Minoru, Karolina Dean, Molly Hayes Runaways
36%
Zemo, Black Knight, Melter, Radioactive Man Masters of Evil
34%
Captain Britain, Nightcrawler, Rachel Summers, Kitty Pryde, Meggan Excalibur
33%
Captain America, Bucky, Human Torch, Toro, Namor The Invaders
30%
Capricorn, Aquarius, Pisces, Aries, Taurus, Gemini, Cancer, Leo Zodiac
30%
Hyperion, Nighthawk, Doctor Spectrum, Power Princess, Whizzer Squadron Supreme
27%
Norman Osborn, Red Hood, Loki, Doctor Doom, Namor, Emma Frost The Cabal
26%
She Hulk, Dazzler, Medusa, Nico Minoru, Singularity A-Force
25%
Wizard, Trapster, Medusa, Sandman Frightful Four
22%
Black Queen/Emma Frost, Cloak, Dagger, Dark Beast, Mimic, Mystique, Namor, Omega Dark X-Men
18%
Banshee, Emma Frost, Jubilee, Husk, Synch, Penance, Champer, Skin Generation X
18%
Adam Warlock, Gamora, Pip, Drax, Moondragon Infinity Watch
18%
Jimmy Woo, Namora, Gorilla-Man, Human Robot, Uranian, Venus Agents of Atlas
16%
Gambit, Arclight, Blockbuster, Harpoon, Malice, Prism, Riptide, Scalphunter, Scrambler, Vertigo Marauders
16%
Nick Fury, Quake, Stonewall, Slingshot, Phantom Rider, Phobos, Hellfire Secret Warriors
14%
Blink, Mimic, Magnus Lensherrm Thunderbird, Nocturne, Morph Exiles
12%
Blindfold, Dust, Ink, Rockslide, Wolf Cub Young X-Men
12%
Titania, Screaming Mimi, Pound-Cakes, Letha Grapplers
4%
No matching quizzes found
Score Distribution
Percent of People with Each Score
Percentile by Number Answered
Your Score History
You have not taken this quiz since the last reset